000 01156cam a22003377a 4500
003 CHAP
005 20220329141403.0
008 971013s1985 r 00010 d
010 _a67366
011 _a68338
035 _a77810
040 _cCHAP
082 _a001.6424
_bD53Y
245 0 _aDiccionario BASIC DEL IBM
_c/ PC
260 _aMéxico :
_bMcGraw-Hill,
_c1985
300 _a199 p.
590 _aBATCH-UPD
_b10
_c20130109
_lUCH01
_h2339
590 _aBATCH-UPD
_b10
_c20130110
_lUCH01
_h0636
590 _aBATCH-UPD
_b10
_c20130410
_lUCH01
_h0319
590 _aBATCH-UPD
_b10
_c20130913
_lUCH01
_h1925
590 _aCONVERSION
_b10
_c20130109
_lUCH01
_h1337
650 1 4 _aBASIC (Programación)
_910695
650 1 4 _aLenguajes de programación
_xDiccionarios.
_965991
650 1 4 _aMicrocomputadoras.
_975505
700 0 _aAdamis, Eddie.
_9838
901 _aBK
942 _cLIBRO
949 _a001.6424 D53Y
_bBC
_cC
_d-30682
_eC
_gI.143126
_h74019
_i77810
_si
_t21.00
949 _a001.6424 D53Y
_bBC
_cC
_d33724000641171
_eC
_fc.2
_gI.143127
_h74020
_i77810
_si
_t21.00
949 _a001.6424 D53Y
_bBC
_cC
_d33724000917977
_eC
_fc.3
_gI.143128
_h74021
_i77810
_si
_t21.00
999 _c67366
_d67366